Score 0/40 Timer 15:00
0 Plays Today
Ha Ha Ha quote % Correct
Ha Ha Ha...Bi
77.8%
Ha Ha...Dangly parts
75%
Ha Ha Ha...Not to scale
75%
Ha Ha...There
72.2%
Ha Ha Ha...Cookies on dowels
72.2%
Ha Ha Ha...Body in a woodchipper
72.2%
Ha Ha...Cookies on dowels
72.2%
Ha Ha Ha Ha...Sissy European lisp thingy
69.4%
Ha Ha Ha...Noses On Dowels
66.7%
Ha Ha Ha...Dislocation
63.9%
Ha Ha...Bicurious
63.9%
Ha Ha Ha...Last laugh
63.9%
Ha Ha Ha...I wish
61.1%
Ha Ha...Co...oh wait
61.1%
Ha Ha Ha...V Pee
61.1%
Ha Ha...Quicker
55.6%
Ha Ha...Rub
55.6%
Ha Ha Ha...Loins
52.8%
Ha Ha...Bang
52.8%
Ha Ha Ha...Pfft
52.8%
Ha Ha Ha quote % Correct
Ha Ha Ha...ing
52.8%
Ha Ha...That
50%
Ha Ha Ha...Third Kind
47.2%
Ha Ha Ha Ha...Numby nutkins
47.2%
Ha Ha Ha...Tetanus
44.4%
Ha Ha...Serious
44.4%
Ha Ha...Duh
41.7%
Ha Ha...Twull
41.7%
Ha Ha Ha...Whi...actually make that raisinettes
41.7%
Ha Ha Ha... Final episode stunt casting
41.7%
Ha Ha...Duck Loogie
38.9%
Ha Ha Ha...Right to work state
38.9%
Ha Ha Ha...Pop go the buttsie on the left hand side
38.9%
Ha Ha...Freedom
33.3%
Ha Ha...Foreshadowing
33.3%
Ha Ha...Sad
33.3%
Ha Ha Ha...Not here, literally
30.6%
Ha Ha Ha...Still hot
30.6%
Ha Ha...Did that one go out?
27.8%
Ha Ha...Sharp left
27.8%
Remove Ads.
Support Sporcle.
Get the best of Sporcle when you Go Orange. This ad-free experience offers more features, more stats, and more fun while also helping to support Sporcle. Thank you for becoming a member.

You're not logged in!

Compare scores with friends on all Sporcle quizzes.
OR
Log In

Show Comments

Extras

Created Jul 12, 2012ReportNominate
Tags:Quote Quiz, episode, ken, phil

Top Quizzes Today


Score Distribution

Your Account Isn't Verified!

In order to create a playlist on Sporcle, you need to verify the email address you used during registration. Go to your Sporcle Settings to finish the process.

Report this User

Report this user for behavior that violates our Community Guidelines.

Details: